• Braga.

di Corporate Name

Records bibliografici associati: 1

001 - CONTROL NUMBER

  • control field: 59213

003 - CONTROL NUMBER IDENTIFIER

  • control field: IT-RoINE

005 - DATE AND TIME OF LATEST TRANSACTION

  • control field: 20190430122829.0

008 - FIXED-LENGTH DATA ELEMENTS

  • fixed length control field: 190430|| aca||aabn | a|a d

040 ## - CATALOGING SOURCE

  • Original cataloging agency: IT-RoINE
  • Transcribing agency: IT-RoINE

110 ## - HEADING--CORPORATE NAME

  • Corporate name or jurisdiction name as entry element: Braga.
  • Subordinate unit: Arquidiocese.
  • Subordinate unit: Concílio Provincial,
  • Subordinate unit: 4,
  • Location of meeting: Braga
  • Date of meeting or treaty signing: 1566

670 ## - SOURCE DATA FOUND

  • Source citation: Work cat.: (IT-RoINE): Braga. Arquidiocese. Concílio Provincial, 4, Braga 1566, Concilivm Provinciale Braccaren. IIII Pontificatus Sactiss. D. N. Pij. V. anno 2. Regni vero potentiss. pijssimiq. regis nostri Sebastiani huius nois primi anno. 10. præsidente Illustriss. ac reuerediss. In Christo patre fratre Bartholomæo à Martyribus Archiepo & Dno Braccaren. huius puinciæ Metropolitano & Hispaniarum Primate. Cosidentib. Reuerendiss. In Christo patrib. Roderico Pinario Portugallen. Ioanne Soarez Conimbricen. Arganilli Comité. Antonio Pinario Miranden. Con puivincialib. Episcopis. , 1567